| 000 | 00554nam a2200205Ia 4500 | ||
|---|---|---|---|
| 001 | 5144 | ||
| 003 | GE_BSU | ||
| 008 | 181216s||||||||xx |||||||||||||| ||und|| | ||
| 040 | _cGE_BSU | ||
| 080 | _a514(072) | ||
| 100 | _aИванова. Т.А.и др. | ||
| 245 | _aГеометрия в 10 классе:пособие для учителя. | ||
| 250 | _aИзд. 2-е | ||
| 260 | _aМосква | ||
| 260 | _bПросвещение. | ||
| 260 | _c1984 | ||
| 300 | _a127 с. 22 см. | ||
| 653 | _aеометрия в 10 классе | ||
| 942 | _cBK | ||
| 999 |
_c38791 _d38791 |
||